The invertebrata : (Record no. 37545)
[ view plain ]
| 000 -LEADER | |
|---|---|
| fixed length control field | 00979nam a22002772 4500 |
| 001 - CONTROL NUMBER | |
| control field | 37545 |
| 003 - CONTROL NUMBER IDENTIFIER | |
| rucl marc code | UkOxU |
| 005 - DATE AND TIME OF LATEST TRANSACTION | |
| control field | 20211209052624.0 |
| 008 - FIXED-LENGTH DATA ELEMENTS--GENERAL INFORMATION | |
| fixed length control field | 150125r19771961enka b 001 0 eng u |
| 035 ## - SYSTEM CONTROL NUMBER | |
| System control number | OCLC ocm05806181 from D970731M |
| 040 ## - CATALOGING SOURCE | |
| Transcribing agency | PGC |
| Modifying agency | OCL |
| -- | UKM |
| -- | YSM |
| -- | OCL |
| -- | EQO |
| Original cataloging agency | BD-RjUL |
| Language of cataloging | eng |
| 041 ## - LANGUAGE CODE | |
| Language code of text/sound track or separate title | eng |
| 082 04 - DEWEY DECIMAL CLASSIFICATION NUMBER | |
| Classification number | 592 |
| Edition number | 18 |
| Author mark and year | BOI 1977 |
| 090 ## - LOCALLY ASSIGNED LC-TYPE CALL NUMBER (OCLC); LOCAL CALL NUMBER (OCLC) | |
| Classification number (OCLC) (R) ; Classification number, CALL (RLIN) (NR) | QL362 |
| Local cutter number (OCLC) ; Book number/undivided call number, CALL (RLIN) | .B6 1961 |
| 100 1# - MAIN ENTRY--PERSONAL NAME | |
| Personal name | Borradaile, L. A. |
| Fuller form of name | (Lancelot Alexander), |
| Dates associated with a name | 1872-1945. |
| 9 (RLIN) | 115311 |
| 245 14 - TITLE STATEMENT | |
| Title | The invertebrata : |
| Remainder of title | a manual for the use of students / |
| Statement of responsibility, etc. | by L.A. Borradaile & F.A. Potts. With chapters by L.E.S. Eastham and J.T. Saunders. |
| 250 ## - EDITION STATEMENT | |
| Edition statement | 4th ed., |
| 260 ## - PUBLICATION, DISTRIBUTION, ETC. (IMPRINT) | |
| Place of publication, distribution, etc. | Cambridge [Eng.] : |
| Name of publisher, distributor, etc. | University Press, |
| Date of publication, distribution, etc. | 1961 [Reprinted 1977] |
| 300 ## - PHYSICAL DESCRIPTION | |
| Pagination | xvii, 820 p. : |
| Illustrations | ill. ; |
| Size | 23 cm. |
| 500 ## - GENERAL NOTE | |
| General note | Includes index. |
| 504 ## - BIBLIOGRAPHY, ETC. NOTE | |
| Bibliography, etc | Bibliography: p. [740]-789. |
| 650 #0 - SUBJECT ADDED ENTRY--TOPICAL TERM | |
| Topical term or geographic name as entry element | Invertebrates. |
| 9 (RLIN) | 115312 |
| 700 1# - ADDED ENTRY--PERSONAL NAME | |
| Personal name | Potts, F. A. |
| Fuller form of name | (Frank Armitage) |
| Personal name | Kerkut, G. A. |
| 942 ## - ADDED ENTRY ELEMENTS (KOHA) | |
| Source of classification or shelving scheme | Dewey Decimal Classification |
| Koha item type | Books |
| Lost status | Source of classification or shelving scheme | Damaged status | Not for loan | Permanent Location | Current Location | Shelving location | Date acquired | Total Checkouts | Full call number | Date last seen | Copy number | Koha item type |
|---|---|---|---|---|---|---|---|---|---|---|---|---|
| Dewey Decimal Classification | Not For Loan | Institute of Biological Sciences (IBSc) Library | Institute of Biological Sciences (IBSc) Library | 25/01/2015 | 592 BOI 1977 | 25/01/2015 | C-1 | Books |